000 00283nam a2200121Ia 4500
008 190216s9999||||xx |||||||||||||| ||und||
100 _aSergeev G B&Amp; Batyuk V A
245 0 _aCryochemistry
260 _bMir Publishers
_c1981
300 _a298p
650 _aChemistry
942 _cBK
999 _c2481
_d2481